000
00343 a2200157 4500
001
58496
020
_a
9788535910315
040
_c
Anchieta - Pituba
100
_a
Gordiner, Nadine
240
1
0
_a
Contando histórias
_l
por
245
1
0
_a
Contando histórias
300
_a
317
362
0
_a
2007
650
4
_a
Ficção brasileira
942
_c
BK
999
_c
58496
_d
58496